[Event "Confronto de Geracoes 2022"]
[Site "Sao Paulo"]
[Date "2022.02.06"]
[Round "6.2"]
[White "Fier, Alexandr"]
[Black "Vescovi, Giovanni"]
[Result "1-0"]
[WhiteElo "2572"]
[BlackElo "2606"]
[Annotator "TA"]
[PlyCount "47"]
[EventDate "2022.02.04"]
[EventType "schev"]
[EventCountry "BRA"]
[SourceTitle "playchess.com"]
[Source "ChessBase"]
[SourceQuality "1"]

{[%evp 27,47,0,51,56,55,51,179,195,266,290,294,293,303,231,506,504,487,475,950,957,2068,1863]} 1. e4 c5 2. Nf3 e6 3. d4 cxd4 4. Nxd4 Nc6 5. Nc3 a6 6. Be2 Qc7 7. O-O Nf6 8. Be3 Be7 9. f4 d6 10. Kh1 O-O 11. Qe1 Nxd4 12. Bxd4 b5 13. a3 Bb7 14. Qg3 g6 (14... Bc6 $11) 15. f5 $14 {B85: Sicilian Scheveningen: 6 Be2 a6, lines with early Be3.} Rac8 {[#]} (15... Nxe4 $2 16. Nxe4 Bxe4 17. f6 $18) 16. Qh3 $146 ({Predecessor:} 16. Bd3 Qd8 17. Qh3 e5 18. Be3 Rxc3 19. bxc3 Nxe4 20. Bh6 Re8 21. Rae1 d5 22. Bxe4 dxe4 {½-½ (32) Buksa,N (2413)-Makropoulou,M (2186) Iasi 2021}) 16... Qd7 {[#]} (16... e5 $14 17. Be3 Rfd8) 17. Rad1 $1 $18 {White is clearly better.} (17. Qh6 e5 18. Be3 {[#]} Rxc3 $1 19. bxc3 Bxe4 $11) 17... exf5 (17... Rxc3 $142 18. Bxc3 Bxe4) 18. exf5 (18. Qh6 Rxc3 19. Bxc3 Bxe4 $14) 18... Rfe8 19. Bd3 (19. Qh6 Rxc3 20. bxc3 (20. Bxc3 Bf8 $16) 20... Bf8 $16) 19... Bc6 20. Rde1 {Threatens to win with Re3.} ({But not} 20. Qh6 Bf8 21. Qg5 Nh5 22. fxg6 fxg6 $18) 20... Bd8 $2 (20... Nh5 {was worth a try.} 21. fxg6 fxg6 22. Qxd7 Bxd7) 21. Rxe8+ {White is clearly winning.} ({Less strong is} 21. Qh6 Rxe1 22. Rxe1 Nh5 $18) 21... Nxe8 22. Qh6 {[%cal Rf5g6]} Qe7 (22... Bf6 $142) 23. fxg6 fxg6 {[#]} 24. Bxg6 $1 {[%mdl 512] White took control after the opening.  Weighted Error Value: White=0.05 (flawless) /Black=0.79} 1-0

[Event "Confronto de Geracoes 2022"]
[Site "Sao Paulo"]
[Date "2022.02.06"]
[Round "6.3"]
[White "Leitao, Rafael"]
[Black "Mekhitarian, Krikor Sevag"]
[Result "1/2-1/2"]
[WhiteElo "2592"]
[BlackElo "2562"]
[Annotator "TA"]
[PlyCount "116"]
[EventDate "2022.02.04"]
[EventType "schev"]
[EventCountry "BRA"]
[SourceTitle "playchess.com"]
[Source "ChessBase"]
[SourceQuality "1"]

{[%evp 11,116,0,5,14,10,13,15,10,0,13,13,11,0,0,34,28,34,35,46,19,16,28,29,22,19,-69,0,-42,-48,-38,-28,-37,-38,-56,-24,-36,-34,-255,-106,-110,-117,-103,-95,-99,-104,-241,-240,-240,-233,-216,-193,-270,-263,-256,-245,-252,-238,-246,-301,-226,-212,-301,-85,-63,0,-8,0,0,6,0,0,0,0,0,0,0,0,0,0,0,0,0,0,0,0,0,0,0,0,0,0,0,0,0,0,0,0,0,0,0,-28000,-28000,-28000,-28000,-28000,-28000,-28000]} 1. c4 g6 2. Nf3 Bg7 3. Nc3 c5 4. g3 Nc6 5. Bg2 d6 6. O-O Bf5 {now supersedes 6...e5.} 7. d3 {A37: Symmetrical English vs ...g6: 4 Bg2 Bg7 5 Nf3.} Qd7 8. Nd5 Rc8 9. Rb1 {The position is equal.} Nf6 10. Nxf6+ Bxf6 11. Bh6 Bh3 12. Qd2 {[#]} Bxg2 $146 ({Predecessor:} 12... Nd4 13. Nxd4 cxd4 14. b4 b6 15. Rfc1 Bxg2 16. Kxg2 Rg8 17. h4 Bxh4 18. Rh1 Bf6 {1-0 (67) Mantovani,R (2293)-Amato,A (2339) Montesilvano 2021}) 13. Kxg2 Nd4 14. Nxd4 Bxd4 15. b4 b6 16. e3 Bf6 17. e4 Bd4 18. f4 (18. a3 $11) 18... f5 (18... cxb4 $1 $15 19. Rxb4 (19. Qxb4 Rc5 $15) 19... Rc5) 19. Rbe1 (19. b5 $11 {is superior.}) 19... cxb4 $1 $15 20. Qxb4 Kf7 21. Re2 Rhe8 {[%cal Bh8e8,Be8c8,Bc8c1,Bc1c3][%mdl 32]} 22. Qe1 b5 23. cxb5 Qxb5 24. g4 $2 (24. Qb1 $15 Qxb1 25. Rxb1) 24... fxe4 (24... Qxd3 25. Qd1 Rc3 26. Qxd3 Rxd3 27. exf5 $17) (24... fxg4 $19 {is more deadly.} 25. Kh1 Qh5) 25. dxe4 $17 {[#]} Rc1 $1 {[%mdl 512]} 26. Qd2 {[#]} Rec8 {[%cal Oc1c2][%mdl 512] Threatens to win with ...R1c2!} 27. Rxc1 Rxc1 28. Kh3 (28. f5 $17) 28... Rc3+ $19 29. Kg2 Qc4 30. f5 Ke8 31. Bf4 (31. Bg5 $142) 31... gxf5 32. gxf5 Qg8+ 33. Bg3 {[#]} Qg4 $1 34. Re1 Qf3+ 35. Kh3 {[#]} Be5 {[%cal Re5g3]} 36. Qg5 {[#]} (36. Rc1 {was forced.}) 36... Kd7 $2 (36... Rc2 $1 $19 37. Re3 Qf1+ 38. Kg4 Qd1+ 39. Kh3 Bf6) 37. Qg4 $17 Qxg4+ (37... Bxg3 $1 $15 38. hxg3 Qf2) 38. Kxg4 $15 {[%mdl 4096] Endgame KRB-KRB} h5+ 39. Kh4 Rc2 40. Bxe5 dxe5 $11 {KR-KR} 41. h3 Rxa2 42. Kxh5 a5 43. h4 Ke8 44. Rc1 Ra4 45. Rc5 Rxe4 46. Rxa5 Kf7 47. Ra6 Re1 48. Re6 e4 49. Kg4 Rg1+ 50. Kf4 Rh1 51. Rh6 Kg7 52. Rg6+ Kf7 53. Rh6 Kg7 54. Re6 Kf7 55. Rxe4 $2 {[%mdl 8192]} (55. Kg3 $11) 55... Rxh4+ 56. Ke5 {Mate.} Rxe4+ 57. Kxe4 e6 58. fxe6+ Kxe6 {[%mdl 32768] Weighted Error Value: White=0.22 (precise) /Black=0.17 (very precise) . An unexpected result.} 1/2-1/2